| 000 | 00493nam a2200169Ia 4500 | ||
|---|---|---|---|
| 008 | 131103s9999 xx 000 0 und d | ||
| 040 | _aLoreto College | ||
| 041 | _aEnglish | ||
| 082 |
_a942/PER _bLCLIB/ |
||
| 245 | 4 |
_aThe Permanent frontier _c[edited by] Haig Babian |
|
| 260 |
_a[New York] _bInstitute of Economic Affair, New York University _c1961 |
||
| 300 |
_avi,120 p. _b ill. _c 28 cm. |
||
| 650 | _aEngland - History | ||
| 700 | _aBabian,Haig,ed. | ||
| 850 | _aLCLIB | ||
| 942 | _cBK | ||
| 999 |
_c8793 _d59272 |
||